| 000 | 00530nam a2200181Ia 4500 | ||
|---|---|---|---|
| 005 | 20250508163448.0 | ||
| 008 | 008 250505s9999 xx 000 0 eng d | ||
| 037 | _aTextual | ||
| 040 |
_aFEDL _beng _cFEDL |
||
| 041 |
_aeng _2eng |
||
| 084 |
_a155.5, UNE _qFEDL |
||
| 245 | 0 | _aAdolescence education | |
| 260 |
_aBangkok, Thailand _bUNESCO Regional Office for Education in Asia and the Pacific _c1991 |
||
| 300 | _a45p. | ||
| 650 | _aChild Psychology | ||
| 942 |
_cTEXL _h155.5, UNE |
||
| 999 |
_c1383440 _d1383440 |
||